000
00206nam a22000857a 4500
008
161229b xxu||||| |||| 00| 0 eng d
100
_9
2235
_a
NCERT
245
_a
Honeydew Class-7
260
_a
New Delhi
_b
NCERT
_c
2011
999
_c
5122
_d
5122